Band Members by Instrument - Arena Rock / Glam Metal Edition - Statistics

General Stats
  • This quiz has been taken 291 times
  • The average score is 18 of 49
Answer Stats
Band Instrument or Role Answer % Correct
Van Halen (1974-1985) Guitar Eddie Van Halen
98%
Bon Jovi (1983-1994) Vocals, Rhythm Guitar Jon Bon Jovi
95%
Mötley Crüe (1981-1992) Drums Tommy Lee
88%
Kiss (1973-1980) Vocals, Bass Gene Simmons
87%
Van Halen (1974-1985) Drums Alex Van Halen
86%
Van Halen (1974-1985) Vocals David Lee Roth
84%
Mötley Crüe (1981-1992) Bass Nikki Sixx
81%
Kiss (1973-1980) Vocals, Rhythm Guitar Paul Stanley
80%
Mötley Crüe (1981-1992) Vocals Vince Neil
74%
Mötley Crüe (1981-1992) Guitar Mick Mars
71%
Kiss (1973-1980) Lead Guitar Ace Frehley
70%
Journey (1978-1985) Vocals Steve Perry
62%
Kiss (1973-1980) Drums Peter Criss
58%
Heart (1975-1979) Vocals Ann Wilson
57%
Heart (1975-1979) Vocals, Acoustic Guitar Nancy Wilson
55%
Bon Jovi (1983-1994) Lead Guitar Richie Sambora
52%
Def Leppard (1978-1991) Vocals Joe Elliott
48%
Van Halen (1974-1985) Bass Michael Anthony
41%
Def Leppard (1978-1991) Guitar Phil Collen / Pete Willis
39%
Def Leppard (1978-1991) Drums Rick Allen
39%
Bon Jovi (1983-1994) Drums Tico Torres
34%
Foreigner (1976-1980) Vocals Lou Gramm
32%
Def Leppard (1978-1991) Guitar Steve Clark
31%
Boston (1976-1981) Vocals Brad Delp
30%
Foreigner (1976-1980) Lead Guitar Mick Jones
28%
Def Leppard (1978-1991) Bass Rick Savage
28%
Foreigner (1976-1980) Drums Dennis Elliott
27%
Journey (1978-1985) Guitar Neal Schon
27%
Styx (1975-1984) Vocals, Keyboards Dennis DeYoung
23%
Journey (1978-1985) Drums Steve Smith
22%
Bon Jovi (1983-1994) Bass Alec John Such
20%
Bon Jovi (1983-1994) Keyboards David Bryan
19%
Styx (1975-1984) Vocals, Lead Guitar Tommy Shaw
19%
Boston (1976-1981) Guitar, Bass, Keyboards Tom Scholz
18%
Journey (1978-1985) Keyboards Jonathan Cain / Gregg Rolie
12%
Styx (1975-1984) Rhythm Guitar James "J.Y." Young
9%
Journey (1978-1985) Bass Ross Valory
9%
Boston (1976-1981) Guitar Barry Goudreau
6%
Styx (1975-1984) Bass Chuck Panozzo
6%
Styx (1975-1984) Drums John Panozzo
6%
Heart (1975-1979) Lead Guitar Roger Fisher
6%
Boston (1976-1981) Drums Sib Hashian
6%
Foreigner (1976-1980) Rhythm Guitar Ian McDonald
5%
Foreigner (1976-1980) Bass Ed Gagliardi / Rick Willis
4%
Foreigner (1976-1980) Keyboards Al Greenwood
3%
Boston (1976-1981) Bass Fran Sheehan
3%
Heart (1975-1979) Keyboards, Lead Guitar Howard Leese
2%
Heart (1975-1979) Drums Michael Derosier
2%
Heart (1975-1979) Bass Steve Fossen
1%
No matching quizzes found
Score Distribution
Percent of People with Each Score
Percentile by Number Answered
Your Score History
You have not taken this quiz